Trenerzy Realu Madryt - nagła śmierć - Statystyki

Ogólne statystyki
  • Ten quiz został rozwiązany 389 razy
  • Średni wynik to 9 z 12
Answers on the Grid
Answers color-coded by a green-red scale on the quiz's grid according to % correct below.
Xabi Alonso
José Mourinho
Pep Guardiola
Carlo Ancelotti
Jurgen Klopp
Zinédine Zidane
Sir Alex Ferguson
Roberto Mancini
Fabio Capello
Julen Lopetegui
Mauricio Pochettino
Vicente del Bosque
Michał Probierz
Rafael Benítez
Unai Emery
Manuel Pellegrini
Thomas Tuchel
Mikel Arteta
Bernd Schuster
Julian Nagelsmann
Simone Inzaghi
Carlos Queiroz
Jupp Heynckes
Gareth Southgate
 
Statystyki odpowiedzi
Odpowiedź % Poprawnych
Xabi Alonso
97%
Carlo Ancelotti
95%
José Mourinho
95%
Zinédine Zidane
94%
Rafael Benítez
69%
Vicente del Bosque
66%
Fabio Capello
65%
Julen Lopetegui
61%
Carlos Queiroz
58%
Bernd Schuster
56%
Manuel Pellegrini
53%
Jupp Heynckes
47%
Nie znaleziono quizów pasujących do podanych kryteriów
Rozkład punktacji
Procent ludzi z każdym wynikiem
Percentyl według liczby udzielonych odpowiedzi
Twoja historia wyników
Nie rozwiązałeś tego quizu